| 000 | 00949nam a22002417a 4500 | ||
|---|---|---|---|
| 005 | 20080915150959.0 | ||
| 008 | 080915t xxu||||| |||| 00| 0 hin d | ||
| 010 | _aHIN-91456 | ||
| 020 |
_c115.00 _a8185478937 |
||
| 035 | _aHN-63802 | ||
| 037 | _bDBAD / PUB | ||
| 040 |
_aDPL _bHN |
||
| 100 |
_925136 _aदुबे, अश्विनीकुमार |
||
| 245 |
_aकदब का पेड़ / _cअश्विनीकुमार दुबे |
||
| 260 |
_aदिल्ली _bज्ञन भारती _c2009 |
||
| 270 |
_a4/14 रूप नगर _bदिल्ली _e110007 _l011- 23254407 |
||
| 300 |
_axv,85पृ _c22 सेमी(सजिल्द) |
||
| 650 | _91169 | ||
| 700 | _925138 | ||
| 700 | _925157 | ||
| 942 |
_adpl _cHN _2ddc _m827दुबेअ |
||
| 999 |
_c49693 _d49693 |
||